| 000 | 00704nam a22002177a 4500 | ||
|---|---|---|---|
| 003 | OSt | ||
| 005 | 20260310012301.0 | ||
| 008 | 260310b |||||||| |||| 00| 0 eng d | ||
| 020 | _a978-1-77469-727-6 | ||
| 040 |
_aDWCL Main lib _cOC |
||
| 082 | _aCirc. 658.5 S531p 2024 | ||
| 100 | _aSharma, Abhishek | ||
| 245 |
_aProduction and operations management _cAbhishek Sharma |
||
| 260 |
_aOntario, Canada: _bToronto Academic Press, _cc2024. |
||
| 300 |
_avii, 253 pages: _billustrations; _c25 cm. |
||
| 504 | _aIncludes bibliographical references and index. | ||
| 650 | _a1. Management. | ||
| 650 | _a2. Production standards. | ||
| 650 | _a3. Operation research. | ||
| 942 |
_2ddc _cBK-CIRC _kCirc. _n0 |
||
| 999 |
_c8809 _d8809 |
||